Sports Quiz

Random Sports or Baseball Quiz
Score 0/11 Timer 03:00
7 Plays Today
Team Player % Correct
Los Angeles AngelsAlbert Pujols
95.6%
Detroit TigersMiguel Cabrera
93.4%
New York MetsRobinson Cano
76.8%
Milwaukee BrewersRyan Braun
75.5%
Washington NationalsRyan Zimmerman
64.7%
Minnesota TwinsNelson Cruz
62%
Atlanta BravesNick Markakis
44.7%
New York YankeesEdwin EncarnaciĆ³n
41.8%
Cincinnati RedsMatt Kemp
38.3%
Atlanta BravesBrian McCann
38%
San Francisco GiantsEvan Longoria
31.4%

You're not logged in!

Compare scores with friends on all Sporcle quizzes.
OR
Log In

Sporcle TV

Today on Sporcle TV


Watch our educational content, quiz creation guides, and fun videos on Sporcle TV.

Show Comments

Extras

Top Quizzes Today


Score Distribution

Paid Content

Your Account Isn't Verified!

In order to create a playlist on Sporcle, you need to verify the email address you used during registration. Go to your Sporcle Settings to finish the process.

Report this User

Report this user for behavior that violates our Community Guidelines.

Details: